000 00294 a2200133 4500
999 _c327993
_d327993
001 92920
003 NUST
005 20180120142505.0
008 180120b xxu||||| |||| 00| 0 eng d
082 _a915.4 MUF
100 _aMumtaz Mufti
_9370
245 _aHind Yatra
_hUrdu
260 _aLahore
_bAl-Faisal
_c2008
300 _a343p.
740 _aurdu -zabanb
942 _aCAE NUST
_cBK
_k915.4 MUF
_2ddc